Normal view
MARC view
- Goodwin, Graham C ; Graebe, Stefan F ; Salgado, Mario E
Entry Personal Name
001 - CONTROL NUMBER
- control field: 63444
003 - CONTROL NUMBER IDENTIFIER
- control field: NUST
005 - DATE AND TIME OF LATEST TRANSACTION
- control field: 20210628203124.0
008 - FIXED-LENGTH DATA ELEMENTS
- fixed length control field: 210628|| aca||aabn | a|a d
040 ## - CATALOGING SOURCE
- Original cataloging agency: NUST
- Transcribing agency: NUST
100 ## - HEADING--PERSONAL NAME
- Personal name: Goodwin, Graham C ; Graebe, Stefan F ; Salgado, Mario E
670 ## - SOURCE DATA FOUND
- Source citation: Work cat.: (NUST): Goodwin, Graham C ; Graebe, Stefan F ; Salgado, Mario E, Control system design, 2003
